| 000 | 00610cam a22002171 4500 | ||
|---|---|---|---|
| 001 | ne 68000698 | ||
| 003 | DLC | ||
| 005 | 20260227111838.0 | ||
| 008 | 931130s1967 le 000 0 arar | ||
| 010 | _ane 68000698 | ||
| 035 | _a(OCoLC)29404829 | ||
| 040 |
_aDLC _cCU _dCU _dDLC |
||
| 042 | _apremarc | ||
| 050 | 0 | 0 |
_aHX431.L4 _bJ8 |
| 100 | 1 |
_aJunblāṭ, Kamāl, _d1917-1977. |
|
| 245 | 1 | 0 |
_aThawrah fī ʻālam al-insān / _cKamāl Junblāṭ. |
| 260 |
_aBayrūt : _bDār Ṣādir, _c[1967] |
||
| 300 |
_a338 p. ; _c20 cm. |
||
| 650 | 0 |
_aSocialism _zLebanon. |
|
| 651 | 0 |
_aLebanon _xPolitics and government. |
|
| 999 |
_c50136 _d50136 |
||